[Event "Ungdoms-DM U10 2023"]
[Site "Odense"]
[Date "2023.11.05"]
[Round "7.5"]
[White "Hagen, Frida Bjerregaard"]
[Black "Pirtac, Alexandru"]
[Result "0-1"]
[WhiteElo "1061"]
[BlackElo "1843"]
[PlyCount "86"]
[EventDate "2023.11.04"]
[EventType "swiss"]
[EventRounds "7"]
[EventCountry "DEN"]
[SourceTitle "Live v. Kasper Jerwiarz"]

1. d4 Nf6 2. e3 c5 3. Nf3 cxd4 4. exd4 d5 5. Be2 g6 6. O-O Bg7 7. b3 O-O 8. Bb2
Nc6 9. c4 Qc7 10. Nc3 Rd8 11. Rc1 Bg4 12. h3 Bxf3 13. Bxf3 dxc4 14. Bxc6 bxc6
15. bxc4 e5 16. d5 cxd5 17. cxd5 Qb7 18. Rb1 Nxd5 19. Qf3 Qc6 20. Nxd5 Qxd5 21.
Qxd5 Rxd5 22. Rfe1 f5 23. f4 e4 24. Bxg7 Kxg7 25. Kf2 Rad8 26. Re2 Kf6 27. Rc1
g5 28. g3 gxf4 29. gxf4 Rd3 30. Re3 Rxe3 31. Kxe3 Rd3+ 32. Kf2 Rxh3 33. Kg2 Rd3
34. Rc2 Kg6 35. Kg1 Kh5 36. Rh2+ Kg4 37. Rxh7 Kxf4 38. Rxa7 Kf3 39. a4 e3 40.
a5 e2 41. Kh2 e1=Q 42. a6 Qg3+ 43. Kh1 Qg2# 0-1

[Event "Ungdoms-DM U10 2023"]
[Site "Odense"]
[Date "2023.11.05"]
[Round "7.6"]
[White "Hansen, Patrick Noumedem"]
[Black "Mikkelsen, Anders Askjaer"]
[Result "1/2-1/2"]
[WhiteElo "1302"]
[BlackElo "1208"]
[PlyCount "78"]
[EventDate "2023.11.04"]
[EventType "swiss"]
[EventRounds "7"]
[EventCountry "DEN"]
[SourceTitle "Live v. Kasper Jerwiarz"]

1. d4 Nf6 2. Nf3 e6 3. c4 b6 4. e3 Bb7 5. Bd3 Be7 6. Nbd2 d5 7. b3 Nbd7 8. Bb2
c5 9. O-O O-O 10. h3 h6 11. Qc2 Qc7 12. Rac1 Rac8 13. Ne5 Rfd8 14. f4 g6 15.
Bxg6 Rf8 16. Bd3 Kh8 17. Ndf3 Nxe5 18. Nxe5 Bd6 19. dxc5 Bxc5 20. Ng4 d4 21.
Nxf6 Rg8 22. Nxg8 Rxg8 23. Be4 Bc8 24. exd4 Bf8 25. d5+ Bg7 26. Bxg7+ Rxg7 27.
dxe6 Bxe6 28. f5 Bc8 29. Qf2 Qe5 30. Bd5 f6 31. Rce1 Qc3 32. Re8+ Kh7 33. Rxc8
Qxh3 34. Qf3 Qh4 35. Qh3 Qxh3 36. Re8 Qd3 37. Re4 Qd2 38. Rf2 Qd1+ 39. Kh2 Qh5+
1/2-1/2

[Event "Ungdoms-DM U10 2023"]
[Site "Odense"]
[Date "2023.11.05"]
[Round "7.7"]
[White "Vo, Charlie"]
[Black "Arnfred, Solal Hojlund"]
[Result "1-0"]
[WhiteElo "974"]
[BlackElo "1126"]
[PlyCount "95"]
[EventDate "2023.11.04"]
[EventType "swiss"]
[EventRounds "7"]
[EventCountry "DEN"]
[SourceTitle "Live v. Kasper Jerwiarz"]

1. e4 e6 2. d4 d5 3. e5 c5 4. c3 Nc6 5. Nf3 Nge7 6. Bd3 g6 7. h4 Bg7 8. h5 b6
9. h6 Bf8 10. Bg5 Bb7 11. Bf6 Rg8 12. Ng5 cxd4 13. cxd4 Nxd4 14. Nxh7 Ndc6 15.
Ng5 Bxh6 16. Rxh6 Qc7 17. Qe2 Nd4 18. Qd2 Ba6 19. Nc3 Bxd3 20. Qxd3 Nef5 21. g4
Nxh6 22. Qxd4 Rc8 23. Qa4+ Qc6 24. Qxc6+ Rxc6 25. f3 Kd7 26. Kd2 Rgc8 27. Rh1
Ng8 28. Nxf7 Nxf6 29. exf6 Rf8 30. Ne5+ Kd6 31. Nxc6 Kxc6 32. g5 a5 33. Rh7 b5
34. f4 d4 35. Ne2 Kc5 36. Nc1 Kd5 37. Nd3 Kd6 38. Ne5 Kd5 39. Rg7 Ke4 40. f7
Kxf4 41. Rg8 Rxf7 42. Nxf7 d3 43. Kxd3 e5 44. Rxg6 e4+ 45. Ke2 a4 46. Rf6+ Kg4
47. g6 b4 48. g7 1-0